Oldest and Most Populous Cities (Europe, Top 50, Countries) - Statistics

General Stats
  • This quiz has been taken 29 times
  • The average score is 42 of 50
Answer Stats
Age Country Population City % Correct
before 1400 BC Greece 3,500,000 Athens
100%
218 BC Spain 4,875,000 Barcelona
100%
660 BC Turkey 16,200,000 Istanbul
100%
500s AD Ukraine 3,475,000 Kiev
100%
c. 1200 BC Portugal 2,500,000 Lisbon
100%
43 AD United Kingdom 14,800,000 London
100%
c. 79 AD United Kingdom 3,075,000 Manchester
100%
1000s BC Italy 4,150,000 Naples
100%
250 BC France 11,400,000 Paris
100%
1300s BC Italy 3,500,000 Rome
100%
300s BC Switzerland 1,450,000 Zürich
100%
279 BC Serbia 1,430,000 Belgrade
96%
38 BC Germany 5,000,000 Cologne / Düsseldorf
96%
c. 600 BC France 1,680,000 Marseille
96%
c. 390 BC Italy 6,150,000 Milan
96%
500s AD Germany 2,275,000 Munich
96%
275 BC Portugal 1,550,000 Porto
96%
400s BC Czech Republic 1,460,000 Prague
96%
5000s BC Bulgaria 1,300,000 Sofia
96%
500 BC Austria 2,225,000 Vienna
96%
48 AD United Kingdom 3,150,000 Birmingham
92%
580 AD Belgium 2,725,000 Brussels
92%
59 BC Italy 1,000,000 Florence
92%
13 BC Germany 3,275,000 Frankfurt
92%
43 BC France 1,990,000 Lyon
92%
before 400s AD Spain 6,700,000 Madrid
92%
1 AD Hungary 2,625,000 Budapest
88%
500s AD United Kingdom 1,690,000 Glasgow
88%
808 AD Germany 2,875,000 Hamburg
88%
800s AD Belarus 2,050,000 Minsk
88%
500s BC Ukraine 1,110,000 Odessa
88%
800s AD Poland 2,350,000 Warsaw
88%
700s BC Spain 1,300,000 Seville
84%
before 218 BC Italy 1,610,000 Turin
84%
c. 138 AD Spain 1,870,000 Valencia
84%
730 AD United Kingdom 2,150,000 Leeds
80%
770 BC Spain 1,060,000 Málaga
80%
100s BC Germany 5,650,000 The Ruhr
80%
300 BC France 1,100,000 Bordeaux
76%
150 AD Belgium 1,230,000 Antwerp
72%
c. 90 AD Germany 2,400,000 Stuttgart
72%
100s AD United Kingdom 1,490,000 Newcastle
68%
300s AD France 1,300,000 Lille
64%
600 AD United Kingdom 1,380,000 Nottingham
60%
700s AD United Kingdom 1,570,000 Sheffield
60%
100s BC France 1,080,000 Toulouse
60%
43 AD United Kingdom 1,150,000 Southampton
44%
600s AD Germany 1,000,000 Bremen
36%
768 AD Germany 1,580,000 Mannheim
36%
400s AD Russia 1,130,000 Ufa
36%
No matching quizzes found
Score Distribution
Percent of People with Each Score
Percentile by Number Answered
Your Score History
You have not taken this quiz